[Event "AUS-ch Minor"]
[Site "Cammeray"]
[Date "2013.01.04"]
[Round "3"]
[White "Robinson, Andrew"]
[Black "Hannagan, Peter K"]
[Result "1/2-1/2"]
[WhiteElo "1331"]
[BlackElo "1518"]
[PlyCount "190"]
[EventDate "2013.01.02"]
[EventType "swiss"]
[EventRounds "11"]
[EventCountry "AUS"]
[SourceTitle "EXT 2022"]
[Source "ChessBase"]
[SourceDate "2021.10.06"]
[SourceVersion "1"]
[SourceVersionDate "2021.10.06"]
[SourceQuality "1"]

1. g4 d5 2. Bg2 Bxg4 3. c4 e6 4. cxd5 c6 5. dxc6 bxc6 6. Qa4 Bf5 7. Bxc6+ Nxc6 8. Qxc6+ Ke7 9. b3 f6 10. Nf3 Kf7 11. Qb7+ Be7 12. Rg1 Qc8 13. Qxc8 Rxc8 14. Nc3 Nh6 15. Bb2 Rhd8 16. Nh4 Bd6 17. Nxf5 Nxf5 18. Ne4 Bxh2 19. Rh1 Bf4 20. e3 Bh6 21. Ke2 e5 22. Rac1 Rxc1 23. Rxc1 Rd7 24. Ba3 Ne7 25. Bc5 g5 26. Rh1 Ng8 27. Ng3 Kg6 28. d4 exd4 29. Bxd4 Bg7 30. Nh5 Ne7 31. Nxg7 Kxg7 32. Rg1 Kg6 33. Rc1 Nf5 34. Bb2 h5 35. Rc6 Rf7 36. e4 Ne7 37. Ra6 Ng8 38. e5 Kf5 39. exf6 Nxf6 40. Bxf6 Rxf6 41. Rxa7 Kg4 42. Kf1 h4 43. b4 h3 44. Ra3 Rc6 45. Rg3+ Kh4 46. Kg1 Rc1+ 47. Kh2 g4 48. a3 Rc2 49. Kg1 h2+ 50. Kxh2 Rxf2+ 51. Rg2 g3+ 52. Kg1 Rf3 53. Ra2 Kh3 54. a4 Rb3 55. Ra1 Rxb4 56. a5 Rb2 57. a6 Rg2+ 58. Kf1 Rh2 59. Ra3 Rf2+ 60. Ke1 Rf8 61. a7 Ra8 62. Kf1 Kh2 63. Ra2+ Kh3 64. Ra1 Rf8+ 65. Ke2 Kh2 66. a8Q Rxa8 67. Rxa8 g2 68. Kf3 g1N+ 69. Kf2 Nh3+ 70. Kf3 Ng1+ 71. Kg4 Kg2 72. Ra2+ Kf1 73. Kg3 Ne2+ 74. Kf3 Ng1+ 75. Ke3 Nh3 76. Rh2 Ng5 77. Rf2+ Kg1 78. Ra2 Kf1 79. Rh2 Kg1 80. Rh5 Ne6 81. Re5 Nf8 82. Rg5+ Kh2 83. Kf3 Ne6 84. Rd5 Nf8 85. Rd2+ Kh3 86. Rd8 Ng6 87. Rd4 Nh4+ 88. Kf2 Nf5 89. Rf4 Nh4 90. Re4 Nf5 91. Kf3 Nh4+ 92. Ke2 Kg3 93. Kf1 Nf3 94. Re3 Kf4 95. Kf2 Ne5 1/2-1/2

[Event "AUS-ch Minor"]
[Site "Cammeray"]
[Date "2013.01.02"]
[Round "1"]
[White "Gardiner Garden, Aelfric"]
[Black "Hannagan, Peter K"]
[Result "1-0"]
[WhiteElo "1311"]
[BlackElo "1518"]
[PlyCount "95"]
[EventDate "2013.01.02"]
[EventType "swiss"]
[EventRounds "11"]
[EventCountry "AUS"]
[SourceTitle "EXT 2022"]
[Source "ChessBase"]
[SourceDate "2021.10.06"]
[SourceVersion "1"]
[SourceVersionDate "2021.10.06"]
[SourceQuality "1"]

1. d4 d5 2. c4 dxc4 3. Bg5 h6 4. Bh4 Nf6 5. Bxf6 exf6 6. e3 b5 7. a4 c6 8. g3 Qd5 9. Nf3 Bb4+ 10. Nc3 Bxc3+ 11. bxc3 0-0 12. Bg2 bxa4 13. 0-0 Ba6 14. Nd2 Qe6 15. Rxa4 Bb5 16. Ra5 a6 17. Qa1 Nd7 18. Qa3 Nb6 19. Rb1 Rab8 20. Ne4 Nd5 21. Nc5 Qd6 22. Bh3 Rfd8 23. Ra1 Rb6 24. Qb2 Nc7 25. Qe2 Nd5 26. R1a3 g6 27. e4 Re8 28. Qd2 Nc7 29. Qxh6 Ne6 30. Nxe6 Rxe6 31. Bxe6 Qxe6 32. Qe3 Rb8 33. Ra1 f5 34. Qf4 Re8 35. exf5 gxf5 36. Rd1 Rd8 37. Qg5+ Qg6 38. Qxd8+ Kg7 39. f4 Qe6 40. Qg5+ Kf8 41. Raa1 c5 42. Re1 Qc8 43. Qf6 Kg8 44. Re7 Qf8 45. d5 Qg7 46. Qxg7+ Kxg7 47. d6 Kf6 48. Rae1 1-0

[Event "Sydney op-B"]
[Site "Parramatta"]
[Date "2010.04.09"]
[Round "5"]
[White "Bleicher, Horst"]
[Black "Hannagan, Peter K"]
[Result "1-0"]
[WhiteElo "1776"]
[BlackElo "1401"]
[PlyCount "101"]
[EventDate "2010.04.07"]
[EventType "swiss"]
[EventRounds "9"]
[EventCountry "AUS"]
[SourceTitle "EXT 2012"]
[Source "ChessBase"]
[SourceDate "2011.11.24"]
[SourceVersion "1"]
[SourceVersionDate "2011.11.24"]
[SourceQuality "1"]

1. d4 d5 2. c4 dxc4 3. Nf3 b5 4. a4 b4 5. e3 Ba6 6. Ne5 Qd5 7. Be2 Qe6 8. 0-0 f6 9. Nf3 Nd7 10. Qc2 Qc6 11. Nfd2 e6 12. Bf3 Qb6 13. Bxa8 c3 14. Re1 cxd2 15. Nxd2 Bd6 16. Qc6 Ne7 17. Qxb6 axb6 18. Bf3 h5 19. Ne4 g5 20. Nxd6+ cxd6 21. Bd2 g4 22. Be2 Bxe2 23. Rxe2 Nc6 24. b3 Kf7 25. Rc1 Ndb8 26. Be1 f5 27. Rec2 h4 28. Rxc6 Nxc6 29. Rxc6 d5 30. Bxb4 Kf6 31. Rxb6 f4 32. Bd6 fxe3 33. fxe3 Kf5 34. a5 Ke4 35. Bf4 Rc8 36. Rxe6+ Kd3 37. e4 dxe4 38. Bg5 Kxd4 39. Rd6+ Kc3 40. Bd2+ Kxb3 41. Rd4 Re8 42. Kf2 Kc2 43. Ke3 h3 44. g3 Rf8 45. Rc4+ Kb3 46. Rxe4 Rg8 47. a6 Rg7 48. Re6 Kc4 49. Ke4 Kb5 50. Be3 Rg8 51. Rb6+ 1-0

[Event "Sydney op-B"]
[Site "Parramatta"]
[Date "2010.04.08"]
[Round "3"]
[White "Fernandez, Michael"]
[Black "Hannagan, Peter K"]
[Result "1-0"]
[WhiteElo "1752"]
[BlackElo "1401"]
[PlyCount "103"]
[EventDate "2010.04.07"]
[EventType "swiss"]
[EventRounds "9"]
[EventCountry "AUS"]
[SourceTitle "EXT 2012"]
[Source "ChessBase"]
[SourceDate "2011.11.24"]
[SourceVersion "1"]
[SourceVersionDate "2011.11.24"]
[SourceQuality "1"]

1. e4 e5 2. f4 exf4 3. Nf3 d5 4. exd5 Qxd5 5. d4 Bd6 6. c4 Qe4+ 7. Be2 h6 8. 0-0 g5 9. Re1 Be7 10. c5 Bg4 11. Bb5+ Qc6 12. Bxc6+ Nxc6 13. h3 Bh5 14. d5 0-0-0 15. dxc6 Rxd1 16. cxb7+ Kxb7 17. Rxd1 Bxc5+ 18. Kh1 Nf6 19. b3 Ne4 20. Re1 Re8 21. Bd2 f5 22. Nc3 Bxf3 23. gxf3 Ng3+ 24. Kg2 Rd8 25. Rad1 a6 26. Na4 Bd6 27. Bb4 Bxb4 28. Rxd8 Bxe1 29. Rh8 h5 30. Nc5+ Kc6 31. Nxa6 Kb6 32. Rh6+ Kb7 33. Nc5+ Ka7 34. Rg6 g4 35. hxg4 fxg4 36. fxg4 hxg4 37. Rxg4 Bd2 38. Ne6 Ne2 39. Kf3 Nc1 40. Nxf4 Kb7 41. Rg2 Bxf4 42. Kxf4 Nd3+ 43. Ke3 Nc5 44. Kd4 Ne6+ 45. Kc4 c6 46. Re2 Nc7 47. Re7 Kb6 48. Rxc7 Kxc7 49. Kc5 Kb7 50. b4 Kc7 51. a4 Kb7 52. a5 1-0

[Event "Cammeray Norths CC op"]
[Site "Cammeray"]
[Date "2010.01.08"]
[Round "6"]
[White "Hannagan, Peter K"]
[Black "Dalton, Joshua"]
[Result "0-1"]
[WhiteElo "1375"]
[BlackElo "1385"]
[PlyCount "98"]
[EventDate "2010.01.02"]
[EventType "swiss"]
[EventRounds "7"]
[EventCountry "AUS"]
[SourceTitle "EXT 2011"]
[Source "ChessBase"]
[SourceDate "2010.11.26"]
[SourceVersion "1"]
[SourceVersionDate "2010.11.26"]
[SourceQuality "1"]

1. e4 e5 2. Nf3 Nc6 3. Bb5 a6 4. Bxc6 dxc6 5. d3 Bd6 6. d4 exd4 7. Qxd4 f6 8. 0-0 Bd7 9. e5 c5 10. Qc3 fxe5 11. Nxe5 Qh4 12. Nf3 Qf6 13. Re1+ Kf8 14. Bg5 Qxc3 15. Nxc3 h6 16. Bh4 Ne7 17. Rad1 Bg4 18. Rxd6 g5 19. Rd3 c4 20. Rd4 Bxf3 21. gxf3 Nf5 22. Rxc4 Nxh4 23. Re3 Rh7 24. Kf1 c6 25. Ne4 Rf7 26. Ke2 Rf4 27. Nd6 Rxc4 28. Nxc4 Ng2 29. Re6 Nf4+ 30. Kd2 Nxe6 31. Ne5 Kg7 32. Kc3 Rd8 33. Nd3 Rf8 34. a4 Rxf3 35. Kd2 Rh3 36. Ke1 Rxh2 37. Kf1 Rh4 38. b3 Rd4 39. Ke1 Rxd3 40. cxd3 Nc5 41. a5 Nxb3 42. f3 Nxa5 43. Ke2 Kf6 44. Ke3 Ke5 45. d4+ Kd5 46. Kd3 h5 47. Ke3 h4 48. Kf2 Kxd4 49. Kg2 b5 0-1

[Event "Cammeray Norths CC op"]
[Site "Cammeray"]
[Date "2010.01.04"]
[Round "3"]
[White "Hannagan, Peter K"]
[Black "Liuga, Victor"]
[Result "0-1"]
[WhiteElo "1375"]
[BlackElo "1469"]
[PlyCount "72"]
[EventDate "2010.01.02"]
[EventType "swiss"]
[EventRounds "7"]
[EventCountry "AUS"]
[SourceTitle "EXT 2011"]
[Source "ChessBase"]
[SourceDate "2010.11.26"]
[SourceVersion "1"]
[SourceVersionDate "2010.11.26"]
[SourceQuality "1"]

1. e4 d5 2. e5 c5 3. d4 cxd4 4. Qxd4 Nc6 5. Bb5 Qa5+ 6. Nc3 Qxb5 7. Nxb5 Nxd4 8. Nxd4 a6 9. Ngf3 e6 10. Bd2 f6 11. exf6 Nxf6 12. 0-0-0 Ne4 13. Rhf1 Bd6 14. Rde1 0-0 15. Ng5 Nxd2 16. Ngxe6 Nxf1 17. Nxf8 Bf4+ 18. Kd1 Bg4+ 19. f3 Ne3+ 20. Ke2 Rxf8 21. fxg4 Nc4 22. Ne6 Bd2 23. Nxf8 Bxe1 24. Kxe1 Kxf8 25. Ke2 Nxb2 26. Ke3 Ke7 27. Kd4 Kd6 28. h4 Nc4 29. g5 Ne5 30. Ke3 Ke6 31. Kf4 Ng6+ 32. Kg4 Ke5 33. g3 b5 34. h5 Ne7 35. Kh4 b4 36. g4 Kf4 0-1

[Event "Sydney Centenary U1600"]
[Site "Sydney"]
[Date "2009.01.04"]
[Round "5"]
[White "Cervenjak, Mark"]
[Black "Hannagan, Peter K"]
[Result "0-1"]
[WhiteElo "1299"]
[BlackElo "1471"]
[PlyCount "64"]
[EventDate "2009.01.02"]
[EventType "swiss"]
[EventRounds "11"]
[EventCountry "AUS"]
[SourceTitle "EXT 2023"]
[Source "ChessBase"]
[SourceDate "2022.10.05"]
[SourceVersion "1"]
[SourceVersionDate "2022.10.05"]
[SourceQuality "1"]

1. d4 d5 2. c4 dxc4 3. e3 b5 4. a4 c6 5. axb5 cxb5 6. Qf3 Nc6 7. Qxc6+ Bd7 8. Qb7 a5 9. Bd2 e6 10. Qf3 Nf6 11. Ne2 Nd5 12. Nec3 Nb4 13. Qd1 Bd6 14. Ne4 Be7 15. Nc5 Bc6 16. Bxb4 axb4 17. Rxa8 Qxa8 18. f3 Qa7 19. Ne4 Bxe4 20. fxe4 0-0 21. Be2 e5 22. 0-0 Bf6 23. Rxf6 gxf6 24. Bg4 Rd8 25. Bf5 exd4 26. Kh1 d3 27. Qd2 Qa1 28. Qd1 Qxb2 29. e5 d2 30. Qg4+ Kf8 31. h3 d1Q+ 32. Kh2 Qxg4 0-1